000 01351nam a2200313 i 4500
001 000014072
003 DO-SdBNP
005 20240226131943.0
007 ta
008 091203s1932 es 000 0 spa d
040 _aDO-SdBNP
_bspa
_cBNPHU
_erda
049 _aBNPD
082 4 _a530.11
_bG216c
_222
100 1 _aGarcía de la Concha, Osvaldo,
_d1878-1930
_931873
_eautor
245 1 3 _aLa cósmica :
_bnueva teoría de la relatividad formal e intrínseca, fundada en el origen espiritual de la materia o en el tiempo como el factor cósmico por excelencia /
_cOsvaldo García de la Concha ; prólogo, Andrés Avelino.
264 _aMadrid :
_bEspasa Calpe,
_c1932.
300 _a159 páginas
_bilustraciones, retratos ;
_c22 cm.
336 _2rdacontent
_atexto
_btxt
337 _2rdamedia
_asin mediación
_bn
338 _2rdacarrier
_avolumen
_bnc
500 _aEn la portada: Santo Domingo, República Dominicana 15 de enero de 1929.
500 _aAltorrelieve autobiográfico del genio dominicano Osvaldo García de la Concha, por RD Santana G.: p. [145]-159.
500 _aIncluye bibliografía y notas al pie de páginas.
590 _aInventariado, 2023 /LP
650 4 _aRelatividad (física)
_931874
700 1 _aAvelino, Andrés,
_d1900-1974
_eprólogo
_931875
910 _aValidado. Control de calidad EMS
942 _2ddc
_cLBS1
999 _c13674
_d13674